Kill Rock 'n Roll Lyrics - Statistics

General Stats
  • This quiz has been taken 7 times
    5 since last reset
  • The average score is 14 of 15
Answer Stats
Lyrics % Correct
Accidents {happen}
100%
Accidents {happen} in the dark
100%
Eat all the {grass}
100%
Eat all the {grass} that you want
100%
Every day I'm watching you {die}
100%
Every time I {look} in your eyes
100%
Felt like the biggest {asshole}
100%
So I felt like the biggest {asshole}
100%
When I {killed} rock and roll
100%
When I {killed} your rock and roll
100%
Yeah, I felt like the biggest {asshole}
100%
All the {thoughts} I see in you
80%
Mow down the {sexy} people
80%
{Why}?
60%
About {how} {I}
40%
No matching quizzes found
Score Distribution
Percent of People with Each Score
Percentile by Number Answered
Your Score History
You have not taken this quiz since the last reset